000 01083nam a2200253Ia 4500
003 OSt
005 20220930094928.0
006 a|||||r|||| 00| 0
007 ta
008 220926b |||||||| |||| 00| 0 hin d
024 _a55557
037 _cTheses
040 _aCRL
_cCRL
_bhin
041 _2hin
_ahin
100 _aअधिकारी, संगीता शर्मा, ले.
_9159273
110 _aदिल्ली विश्वविद्यालय. कला संकाय. हिंदी विभाग
_9556781
245 0 _aसत्ता की राजनीति और धूमिल के काव्य में मोहभंग।
246 _aSattā kī rājanīti aur dhūmil ke kāvya mean mohabhanga।
260 _c2016
300 _a306 पृ.
_ap.
_ccm.
700 _aदिल्ली विश्वविद्यालय. कला संकाय. हिंदी विभाग
_9556782
942 _cDIS
_2CC
999 _c887978
_d887978